[Event "DEM U10w 2018"]
[Site "Willingen GER"]
[Date "2018.05.25"]
[Round "10"]
[White "Peglau, Charis"]
[Black "Englert, Lin"]
[Result "1-0"]
[Termination "normal"]
[Board "1"]
[WhiteElo "1324"]
[BlackElo "1316"]
[WhiteClock "00:22:11"]
[BlackClock "00:23:24"]
[PlyCount "120"]
[WhiteFideId "16219996"]
[BlackFideId "16226410"]
[EventCountry "GER"]
[EventRounds "11"]
[EventType "swiss"]
[EventDate "2018.05.19"]

1. e4 {[%clk 1:15:59]} 1... c5 {[%clk 1:15:53]} 2. Nf3 {[%clk 1:16:23]} 2...
Nc6 {[%clk 1:16:15]} 3. d4 {[%clk 1:16:46]} 3... cxd4 {[%clk 1:16:31]} 4. Nxd4
{[%clk 1:17:07]} 4... g6 {[%clk 1:16:37]} 5. c4 {[%clk 1:17:30]} 5... Bg7 {
[%clk 1:16:22]} 6. Be3 {[%clk 1:17:49]} 6... Nf6 {[%clk 1:16:22]} 7. Nc3 {
[%clk 1:18:12]} 7... d6 {[%clk 1:16:11]} 8. Be2 {[%clk 1:18:08]} 8... O-O {
[%clk 1:15:50]} 9. O-O {[%clk 1:18:25]} 9... Bd7 {[%clk 1:14:38]} 10. Qd2 {
[%clk 1:17:15]} 10... Nxd4 {[%clk 1:14:30]} 11. Bxd4 {[%clk 1:17:30]} 11... Bc6
{[%clk 1:14:03]} 12. f3 {[%clk 1:17:34]} 12... Qd7 {[%clk 1:04:47]} 13. b4 {
[%clk 1:17:14]} 13... Qe6 {[%clk 1:02:25]} 14. Nd5 {[%clk 1:11:24]} 14... Bxd5
{[%clk 1:00:45]} 15. cxd5 {[%clk 1:10:14]} 15... Qd7 {[%clk 0:59:13]} 16. Rfc1
{[%clk 1:08:45]} 16... a6 {[%clk 0:58:49]} 17. Rab1 {[%clk 1:07:10]} 17... Rfc8
{[%clk 0:57:44]} 18. Bb6 {[%clk 1:04:14]} 18... Qe8 {[%clk 0:48:51]} 19. b5 {
[%clk 1:03:46]} 19... Nd7 {[%clk 0:47:46]} 20. Be3 {[%clk 1:02:05]} 20... Nc5 {
[%clk 0:41:13]} 21. bxa6 {[%clk 1:00:20]} 21... bxa6 {[%clk 0:41:26]} 22. Bxc5
{[%clk 0:56:03]} 22... Rxc5 {[%clk 0:41:46]} 23. Rxc5 {[%clk 0:56:21]} 23...
dxc5 {[%clk 0:42:11]} 24. Qa5 {[%clk 0:55:24]} 24... Bd4+ {[%clk 0:42:33]} 25.
Kh1 {[%clk 0:55:36]} 25... Qc8 {[%clk 0:40:08]} 26. Bc4 {[%clk 0:54:27]} 26...
Be5 {[%clk 0:37:51]} 27. Qa4 {[%clk 0:48:14]} 27... a5 {[%clk 0:34:31]} 28. Qc6
{[%clk 0:46:38]} 28... Bd6 {[%clk 0:33:57]} 29. Rb5 {[%clk 0:44:31]} 29... Qxc6
{[%clk 0:29:31]} 30. dxc6 {[%clk 0:44:49]} 30... Rb8 {[%clk 0:29:45]} 31. a4 {
[%clk 0:44:36]} 31... e6 {[%clk 0:26:41]} 32. Kg1 {[%clk 0:44:04]} 32... Kf8 {
[%clk 0:27:02]} 33. Kf2 {[%clk 0:41:54]} 33... Ke8 {[%clk 0:26:18]} 34. g3 {
[%clk 0:41:30]} 34... Kd8 {[%clk 0:26:16]} 35. Rxa5 {[%clk 0:33:33]} 35... Be5
{[%clk 0:26:08]} 36. Rb5 {[%clk 0:30:38]} 36... Ra8 {[%clk 0:25:57]} 37. a5 {
[%clk 0:29:50]} 37... Bd4+ {[%clk 0:25:39]} 38. Ke2 {[%clk 0:29:49]} 38... Kc7
{[%clk 0:26:04]} 39. a6 {[%clk 0:28:22]} 39... Kxc6 {[%clk 0:26:02]} 40. Rb7 {
[%clk 0:28:40]} 40... Bg1 {[%clk 0:23:03]} 41. Rxf7 {[%clk 0:28:09]} 41... Bxh2
{[%clk 0:23:23]} 42. Rxh7 {[%clk 0:28:07]} 42... Bxg3 {[%clk 0:23:34]} 43. Rh6
{[%clk 0:28:11]} 43... g5 {[%clk 0:23:20]} 44. Rxe6+ {[%clk 0:27:22]} 44... Kd7
{[%clk 0:23:37]} 45. Rg6 {[%clk 0:26:31]} 45... Bf4 {[%clk 0:23:56]} 46. Rg7+ {
[%clk 0:26:16]} 46... Kd6 {[%clk 0:23:40]} 47. a7 {[%clk 0:26:31]} 47... Bc1 {
[%clk 0:23:35]} 48. Bd5 {[%clk 0:26:24]} 48... Rc8 {[%clk 0:23:57]} 49. a8=Q {
[%clk 0:26:18]} 49... Rxa8 {[%clk 0:24:21]} 50. Bxa8 {[%clk 0:26:40]} 50... c4
{[%clk 0:24:23]} 51. Kd1 {[%clk 0:26:39]} 51... Bf4 {[%clk 0:24:01]} 52. Kc2 {
[%clk 0:26:43]} 52... Kc5 {[%clk 0:23:54]} 53. Rg8 {[%clk 0:25:34]} 53... Kd4 {
[%clk 0:24:09]} 54. Re8 {[%clk 0:25:35]} 54... Bg3 {[%clk 0:22:57]} 55. Bd5 {
[%clk 0:23:06]} 55... Bf4 {[%clk 0:23:05]} 56. Rc8 {[%clk 0:22:39]} 56... Ke3 {
[%clk 0:23:14]} 57. Rxc4 {[%clk 0:22:34]} 57... Kxf3 {[%clk 0:23:24]} 58. e5+ {
[%clk 0:22:44]} 58... Kg4 {[%clk 0:23:34]} 59. e6 {[%clk 0:22:14]} 59... Kf5 {
[%clk 0:23:42]} 60. e7 {[%clk 0:22:11]} 60... Kf6 {[%clk 0:23:24]} 1-0

[Event "DEM U10w 2018"]
[Site "Willingen GER"]
[Date "2018.05.25"]
[Round "10"]
[White "Trunz, Michelle"]
[Black "Peglau, Dora"]
[Result "0-1"]
[Termination "normal"]
[Board "2"]
[WhiteElo "1312"]
[BlackElo "1203"]
[WhiteClock "01:02:35"]
[BlackClock "00:08:15"]
[PlyCount "70"]
[WhiteFideId "16227980"]
[BlackFideId "16220005"]
[EventCountry "GER"]
[EventRounds "11"]
[EventType "swiss"]
[EventDate "2018.05.19"]

1. e4 {[%clk 1:15:58]} 1... c6 {[%clk 1:15:56]} 2. d4 {[%clk 1:16:20]} 2... d5
{[%clk 1:16:20]} 3. exd5 {[%clk 1:16:41]} 3... cxd5 {[%clk 1:16:40]} 4. c4 {
[%clk 1:17:00]} 4... Nf6 {[%clk 1:16:59]} 5. Nc3 {[%clk 1:16:56]} 5... e6 {
[%clk 1:17:05]} 6. Nf3 {[%clk 1:17:03]} 6... Nc6 {[%clk 1:17:02]} 7. c5 { [%clk
1:17:20]} 7... b6 {[%clk 1:15:18]} 8. Bb5 {[%clk 1:17:30]} 8... Bd7 { [%clk
1:14:08]} 9. Bxc6 {[%clk 1:14:25]} 9... Bxc6 {[%clk 1:14:21]} 10. b4 { [%clk
1:14:19]} 10... bxc5 {[%clk 1:13:13]} 11. bxc5 {[%clk 1:14:26]} 11... Be7
{[%clk 1:06:54]} 12. O-O {[%clk 1:14:38]} 12... O-O {[%clk 1:05:59]} 13. Ne5 {
[%clk 1:14:51]} 13... Qc7 {[%clk 0:55:56]} 14. Qf3 {[%clk 1:14:25]} 14... Nd7 {
[%clk 0:54:24]} 15. Nxd7 {[%clk 1:13:11]} 15... Qxd7 {[%clk 0:49:08]} 16. Re1 {
[%clk 1:12:56]} 16... Bf6 {[%clk 0:48:00]} 17. Qg4 {[%clk 1:12:43]} 17... Rab8
{[%clk 0:43:56]} 18. a3 {[%clk 1:11:47]} 18... Rfe8 {[%clk 0:41:26]} 19. f4 {
[%clk 1:11:00]} 19... Bxd4+ {[%clk 0:41:20]} 20. Re3 {[%clk 1:10:43]} 20... Rb3
{[%clk 0:40:09]} 21. Kh1 {[%clk 1:10:32]} 21... Bxe3 {[%clk 0:40:02]} 22. Bxe3
{[%clk 1:10:53]} 22... Rxc3 {[%clk 0:38:04]} 23. Bd4 {[%clk 1:11:08]} 23... f5
{[%clk 0:38:09]} 24. Qd1 {[%clk 1:10:09]} 24... Ba4 {[%clk 0:35:50]} 25. Qd2 {
[%clk 1:09:55]} 25... Rc2 {[%clk 0:35:50]} 26. Qd3 {[%clk 1:09:49]} 26... Qb5 {
[%clk 0:35:24]} 27. Qg3 {[%clk 1:09:42]} 27... Re7 {[%clk 0:34:44]} 28. Qg5 {
[%clk 1:09:37]} 28... Rd7 {[%clk 0:31:26]} 29. Qh5 {[%clk 1:09:19]} 29... Rf7 {
[%clk 0:12:09]} 30. Qg5 {[%clk 1:07:04]} 30... Qc4 {[%clk 0:10:17]} 31. Qd8+ {
[%clk 1:04:16]} 31... Rf8 {[%clk 0:10:27]} 32. Qe7 {[%clk 1:03:50]} 32... Qxd4
{[%clk 0:09:55]} 33. Qxe6+ {[%clk 1:03:47]} 33... Kh8 {[%clk 0:09:39]} 34. Re1
{[%clk 1:03:41]} 34... Qd2 {[%clk 0:08:15]} 35. Qe7 {[%clk 1:02:35]} 35...
Qxg2# 0-1

[Event "DEM U10w 2018"]
[Site "Willingen GER"]
[Date "2018.05.25"]
[Round "10"]
[White "Stepanjan, Marianne"]
[Black "Ottlik, Marie"]
[Result "0-1"]
[Termination "normal"]
[Board "3"]
[WhiteElo "1246"]
[BlackElo "1190"]
[WhiteClock "00:26:40"]
[BlackClock "00:17:15"]
[PlyCount "132"]
[WhiteFideId "16246110"]
[BlackFideId "16281730"]
[EventCountry "GER"]
[EventRounds "11"]
[EventType "swiss"]
[EventDate "2018.05.19"]

1. e4 {[%clk 1:15:57]} 1... d5 {[%clk 1:15:50]} 2. exd5 {[%clk 1:16:21]} 2...
Nf6 {[%clk 1:16:09]} 3. d4 {[%clk 1:15:44]} 3... Nxd5 {[%clk 1:16:22]} 4. c4 {
[%clk 1:15:49]} 4... Nb6 {[%clk 1:16:31]} 5. Nc3 {[%clk 1:15:44]} 5... g6 {
[%clk 1:16:32]} 6. Nf3 {[%clk 1:14:32]} 6... Bg7 {[%clk 1:16:19]} 7. Bf4 {
[%clk 1:13:46]} 7... O-O {[%clk 1:15:01]} 8. Be2 {[%clk 1:10:16]} 8... c6 {
[%clk 1:08:38]} 9. Qd2 {[%clk 1:08:33]} 9... Bg4 {[%clk 1:07:44]} 10. c5 {
[%clk 1:02:59]} 10... Nd5 {[%clk 1:05:44]} 11. Ne5 {[%clk 0:51:30]} 11... Bxe2
{[%clk 0:59:51]} 12. Nxe2 {[%clk 0:51:00]} 12... Nxf4 {[%clk 0:58:12]} 13. Qxf4
{[%clk 0:50:30]} 13... Nd7 {[%clk 0:54:52]} 14. Rd1 {[%clk 0:45:29]} 14... Nxe5
{[%clk 0:53:58]} 15. dxe5 {[%clk 0:45:12]} 15... Qa5+ {[%clk 0:52:11]} 16. Nc3
{[%clk 0:42:40]} 16... Qxc5 {[%clk 0:48:48]} 17. O-O {[%clk 0:40:17]} 17...
Qxe5 {[%clk 0:47:51]} 18. Qxe5 {[%clk 0:39:33]} 18... Bxe5 {[%clk 0:48:02]} 19.
Rd7 {[%clk 0:39:47]} 19... Bf6 {[%clk 0:40:37]} 20. Rxb7 {[%clk 0:39:46]} 20...
Rfb8 {[%clk 0:39:47]} 21. Rc7 {[%clk 0:38:53]} 21... Rxb2 {[%clk 0:38:19]} 22.
Rc1 {[%clk 0:32:55]} 22... Bxc3 {[%clk 0:36:09]} 23. Rxc6 {[%clk 0:31:59]}
23... Bd4 {[%clk 0:31:36]} 24. R6c2 {[%clk 0:29:13]} 24... Rxc2 {[%clk 0:30:29]
} 25. Rxc2 {[%clk 0:29:36]} 25... Rb8 {[%clk 0:30:26]} 26. g3 {[%clk 0:28:22]}
26... Rb1+ {[%clk 0:27:34]} 27. Kg2 {[%clk 0:28:36]} 27... Rb2 {[%clk 0:27:35]}
28. Rc8+ {[%clk 0:28:54]} 28... Kg7 {[%clk 0:27:33]} 29. Rc4 {[%clk 0:28:29]}
29... Rxf2+ {[%clk 0:27:23]} 30. Kh3 {[%clk 0:28:38]} 30... Bb6 {[%clk 0:26:42]
} 31. a4 {[%clk 0:28:27]} 31... Rd2 {[%clk 0:25:49]} 32. Rc1 {[%clk 0:28:14]}
32... Rd4 {[%clk 0:25:32]} 33. Ra1 {[%clk 0:28:23]} 33... Rd5 {[%clk 0:24:30]}
34. Re1 {[%clk 0:28:11]} 34... e6 {[%clk 0:24:16]} 35. Ra1 {[%clk 0:27:38]}
35... Ra5 {[%clk 0:24:10]} 36. Ra2 {[%clk 0:27:55]} 36... f5 {[%clk 0:23:46]}
37. Kg2 {[%clk 0:27:22]} 37... Kf6 {[%clk 0:23:26]} 38. Kf3 {[%clk 0:27:40]}
38... e5 {[%clk 0:23:01]} 39. h4 {[%clk 0:27:31]} 39... e4+ {[%clk 0:22:54]}
40. Ke2 {[%clk 0:26:34]} 40... Bc7 {[%clk 0:22:32]} 41. Kf2 {[%clk 0:26:40]}
41... e3+ {[%clk 0:21:36]} 42. Kf3 {[%clk 0:26:37]} 42... Re5 {[%clk 0:21:28]}
43. Re2 {[%clk 0:26:37]} 43... Bb6 {[%clk 0:20:43]} 44. g4 {[%clk 0:24:51]}
44... fxg4+ {[%clk 0:20:10]} 45. Kxg4 {[%clk 0:25:12]} 45... Re4+ { [%clk
0:20:12]} 46. Kg3 {[%clk 0:25:15]} 46... Rxa4 {[%clk 0:20:18]} 47. Kh3 { [%clk
0:25:05]} 47... Rd4 {[%clk 0:19:40]} 48. Kg3 {[%clk 0:24:49]} 48... Rd2 { [%clk
0:19:16]} 49. Re1 {[%clk 0:25:09]} 49... a5 {[%clk 0:17:36]} 50. Kf3 { [%clk
0:24:42]} 50... a4 {[%clk 0:17:17]} 51. Ke4 {[%clk 0:24:34]} 51... a3 { [%clk
0:17:23]} 52. Rf1+ {[%clk 0:24:25]} 52... Rf2 {[%clk 0:17:09]} 53. Re1 { [%clk
0:24:40]} 53... a2 {[%clk 0:16:56]} 54. Kd3 {[%clk 0:24:33]} 54... Rd2+ { [%clk
0:16:33]} 55. Ke4 {[%clk 0:24:12]} 55... e2 {[%clk 0:16:35]} 56. Kf3 56... Rd1
{[%clk 0:16:15]} 57. Kxe2 {[%clk 0:23:38]} 57... Rxe1+ { [%clk 0:16:28]} 58.
Kxe1 {[%clk 0:24:05]} 58... a1=Q+ {[%clk 0:16:49]} 59. Kd2 {[%clk 0:24:20]}
59... Qa3 {[%clk 0:17:03]} 60. h5 {[%clk 0:24:43]} 60... Ke5 { [%clk 0:16:41]}
61. hxg6 {[%clk 0:24:51]} 61... hxg6 {[%clk 0:16:42]} 62. Ke2 { [%clk 0:25:12]}
62... Qc3 {[%clk 0:16:31]} 63. Kf1 {[%clk 0:25:42]} 63... Qc2 { [%clk 0:16:22]}
64. Ke1 {[%clk 0:25:56]} 64... Ke4 {[%clk 0:16:37]} 65. Kf1 { [%clk 0:26:17]}
65... Kf3 {[%clk 0:16:53]} 66. Ke1 {[%clk 0:26:40]} 66... Qe2# {[%clk 0:17:15]}
0-1

[Event "DEM U10w 2018"]
[Site "Willingen GER"]
[Date "2018.05.25"]
[Round "10"]
[White "Bräutigam, Katerina"]
[Black "Oellrich, Emma"]
[Result "1-0"]
[Termination "normal"]
[Board "4"]
[WhiteElo "1728"]
[BlackElo "1162"]
[WhiteClock "00:07:31"]
[BlackClock "00:09:08"]
[PlyCount "83"]
[WhiteFideId "16242980"]
[BlackFideId "16268806"]
[EventCountry "GER"]
[EventRounds "11"]
[EventType "swiss"]
[EventDate "2018.05.19"]

1. d4 {[%clk 1:15:59]} 1... e6 {[%clk 1:15:24]} 2. c4 {[%clk 1:16:14]} 2... b6
{[%clk 1:15:33]} 3. Nc3 {[%clk 1:16:07]} 3... Bb7 {[%clk 1:15:35]} 4. e3 {
[%clk 1:15:41]} 4... Bb4 {[%clk 1:14:29]} 5. Bd2 {[%clk 1:15:24]} 5... f5 {
[%clk 1:11:34]} 6. a3 {[%clk 1:15:33]} 6... Bxc3 {[%clk 1:11:29]} 7. Bxc3 {
[%clk 1:15:29]} 7... Nf6 {[%clk 1:04:08]} 8. Nf3 {[%clk 1:14:38]} 8... O-O {
[%clk 1:01:18]} 9. b4 {[%clk 1:14:04]} 9... d5 {[%clk 0:49:58]} 10. cxd5 {
[%clk 1:14:05]} 10... exd5 {[%clk 0:49:10]} 11. g3 {[%clk 1:13:19]} 11... Nbd7
{[%clk 0:44:19]} 12. Bg2 {[%clk 1:11:56]} 12... Ne4 {[%clk 0:38:16]} 13. Bb2 {
[%clk 1:11:41]} 13... c5 {[%clk 0:33:26]} 14. bxc5 {[%clk 1:07:47]} 14... bxc5
{[%clk 0:32:40]} 15. dxc5 {[%clk 1:07:45]} 15... Qa5+ {[%clk 0:32:38]} 16. Nd2
{[%clk 1:04:12]} 16... Qxd2+ {[%clk 0:32:46]} 17. Qxd2 {[%clk 1:04:19]} 17...
Nxd2 {[%clk 0:33:05]} 18. Kxd2 {[%clk 1:04:38]} 18... Nxc5 {[%clk 0:33:20]} 19.
Kd1 {[%clk 1:02:27]} 19... Ne4 {[%clk 0:28:25]} 20. Ke1 {[%clk 0:58:19]} 20...
Rac8 {[%clk 0:28:09]} 21. Bxe4 {[%clk 0:49:49]} 21... fxe4 {[%clk 0:26:20]} 22.
Bc1 {[%clk 0:32:00]} 22... Rc2 {[%clk 0:25:32]} 23. Bd2 {[%clk 0:32:09]} 23...
Rfc8 {[%clk 0:20:18]} 24. a4 {[%clk 0:28:23]} 24... a5 {[%clk 0:19:40]} 25. Rd1
{[%clk 0:20:33]} 25... Ra2 {[%clk 0:15:24]} 26. Bxa5 {[%clk 0:19:21]} 26...
Rxa4 {[%clk 0:15:01]} 27. Bd2 {[%clk 0:17:54]} 27... d4 {[%clk 0:12:19]} 28.
Rb1 {[%clk 0:13:29]} 28... Rac4 {[%clk 0:08:57]} 29. Rxb7 {[%clk 0:10:12]}
29... Rc1+ {[%clk 0:08:55]} 30. Bxc1 {[%clk 0:10:29]} 30... Rxc1+ { [%clk
0:09:11]} 31. Kd2 {[%clk 0:10:42]} 31... Rxh1 {[%clk 0:09:10]} 32. exd4 { [%clk
0:10:43]} 32... Rxh2 {[%clk 0:09:23]} 33. Ke2 {[%clk 0:10:52]} 33... Rh5 {[%clk
0:09:22]} 34. Re7 {[%clk 0:11:02]} 34... Ra5 {[%clk 0:09:03]} 35. Rxe4 { [%clk
0:11:04]} 35... Ra2+ {[%clk 0:09:23]} 36. Kf3 {[%clk 0:11:24]} 36... Rd2 {[%clk
0:08:58]} 37. Rf4 {[%clk 0:10:41]} 37... Rd1 {[%clk 0:09:01]} 38. Ke4 { [%clk
0:09:59]} 38... Re1+ {[%clk 0:09:02]} 39. Kd5 {[%clk 0:09:36]} 39... Re8 {[%clk
0:09:20]} 40. Kd6 {[%clk 0:07:07]} 40... Rd8+ {[%clk 0:09:08]} 41. Ke7 { [%clk
0:07:16]} 41... Rd5 {[%clk 0:09:08]} 42. Rf8# {[%clk 0:07:31]} 1-0

[Event "DEM U10w 2018"]
[Site "Willingen GER"]
[Date "2018.05.25"]
[Round "10"]
[White "Pröttel, Ela"]
[Black "Schwenke, Mia"]
[Result "1-0"]
[Termination "normal"]
[Board "5"]
[WhiteElo "1125"]
[BlackElo "1062"]
[WhiteClock "00:15:43"]
[BlackClock "01:14:28"]
[PlyCount "99"]
[WhiteFideId "44582749"]
[BlackFideId "16263332"]
[EventCountry "GER"]
[EventRounds "11"]
[EventType "swiss"]
[EventDate "2018.05.19"]

1. d4 {[%clk 1:15:58]} 1... g6 {[%clk 1:15:53]} 2. Bf4 {[%clk 1:16:12]} 2...
Bg7 {[%clk 1:16:17]} 3. e3 {[%clk 1:16:25]} 3... d6 {[%clk 1:16:37]} 4. Nf3 {
[%clk 1:16:42]} 4... Nd7 {[%clk 1:17:00]} 5. Be2 {[%clk 1:16:39]} 5... e5 {
[%clk 1:17:24]} 6. Bg3 {[%clk 1:10:20]} 6... Nh6 {[%clk 1:17:32]} 7. dxe5 {
[%clk 1:03:26]} 7... dxe5 {[%clk 1:17:30]} 8. e4 {[%clk 1:01:42]} 8... O-O {
[%clk 1:17:39]} 9. O-O {[%clk 1:01:10]} 9... f5 {[%clk 1:17:40]} 10. Nc3 {
[%clk 0:57:57]} 10... g5 {[%clk 1:17:24]} 11. h3 {[%clk 0:50:22]} 11... g4 {
[%clk 1:17:09]} 12. hxg4 {[%clk 0:45:02]} 12... fxg4 {[%clk 1:17:06]} 13. Nh2 {
[%clk 0:44:12]} 13... Qg5 {[%clk 1:15:58]} 14. Bxg4 {[%clk 0:36:09]} 14... Nf6
{[%clk 1:15:14]} 15. Bxc8 {[%clk 0:34:19]} 15... Raxc8 {[%clk 1:15:04]} 16. Nf3
{[%clk 0:30:28]} 16... Qh5 {[%clk 1:12:05]} 17. Nxe5 {[%clk 0:29:17]} 17...
Nfg4 {[%clk 1:11:16]} 18. f4 {[%clk 0:23:19]} 18... Rce8 {[%clk 1:04:30]} 19.
Nxg4 {[%clk 0:14:30]} 19... Nxg4 {[%clk 1:04:28]} 20. f5 {[%clk 0:08:20]} 20...
Rf6 {[%clk 1:03:54]} 21. Rf4 {[%clk 0:03:58]} 21... Rh6 {[%clk 1:03:09]} 22.
Rxg4 {[%clk 0:03:39]} 22... Qh1+ {[%clk 0:58:50]} 23. Kf2 {[%clk 0:03:49]}
23... Qxd1 {[%clk 0:58:54]} 24. Rxd1 {[%clk 0:04:05]} 24... Re7 {[%clk 0:58:53]
} 25. Bf4 {[%clk 0:03:42]} 25... Ra6 {[%clk 0:58:57]} 26. Nd5 {[%clk 0:02:04]}
26... Rf7 {[%clk 0:58:23]} 27. a3 {[%clk 0:01:17]} 27... c5 {[%clk 0:58:27]}
28. e5 {[%clk 0:00:56]} 28... h5 {[%clk 0:58:04]} 29. Rg3 {[%clk 0:00:46]}
29... h4 {[%clk 0:58:23]} 30. Rg4 {[%clk 0:01:01]} 30... Rf8 {[%clk 0:57:52]}
31. f6 {[%clk 0:00:56]} 31... Rf7 {[%clk 0:57:45]} 32. fxg7 {[%clk 0:00:41]}
32... Rxg7 {[%clk 0:57:45]} 33. Rxg7+ {[%clk 0:00:58]} 33... Kxg7 { [%clk
0:58:08]} 34. Nc7 {[%clk 0:00:44]} 34... Rc6 {[%clk 0:58:20]} 35. e6 { [%clk
0:01:02]} 35... Kf6 {[%clk 0:57:52]} 36. Bg5+ {[%clk 0:00:38]} 36... Kxg5
{[%clk 0:58:08]} 37. e7 {[%clk 0:00:53]} 37... Rf6+ {[%clk 0:57:48]} 38. Kg1 {
[%clk 0:00:58]} 38... Rf7 {[%clk 0:57:35]} 39. e8=Q {[%clk 0:01:14]} 39... Rf6
{[%clk 0:57:38]} 40. Qe7 {[%clk 0:00:59]} 40... Kg6 {[%clk 0:57:51]} 41. Rd6 {
[%clk 0:01:04]} 41... Rxd6 {[%clk 0:57:49]} 42. Qxd6+ {[%clk 0:01:22]} 42...
Kg5 {[%clk 0:58:11]} 43. Qe5+ {[%clk 0:01:05]} 43... Kg6 {[%clk 0:58:31]} 44.
Qf4 {[%clk 0:00:43]} 44... Kg7 {[%clk 0:58:44]} 45. Qf5 {[%clk 0:15:22]} 45...
Kh6 {[%clk 1:13:18]} 46. Qg4 {[%clk 0:15:30]} 46... Kh7 {[%clk 1:13:35]} 47.
Qg5 {[%clk 0:15:31]} 47... Kh8 {[%clk 1:13:50]} 48. Ne8 {[%clk 0:15:11]} 48...
b5 {[%clk 1:14:09]} 49. Nf6 {[%clk 0:15:25]} 49... a5 {[%clk 1:14:28]} 50. Qg8#
{[%clk 0:15:43]} 1-0

[Event "DEM U10w 2018"]
[Site "Willingen GER"]
[Date "2018.05.25"]
[Round "10"]
[White "Mirnaya, Veronika"]
[Black "Czäczine, Laura"]
[Result "0-1"]
[Termination "normal"]
[Board "6"]
[WhiteElo "1036"]
[BlackElo "1171"]
[WhiteClock "00:42:48"]
[BlackClock "00:24:11"]
[PlyCount "64"]
[WhiteFideId "16277406"]
[BlackFideId "16211448"]
[EventCountry "GER"]
[EventRounds "11"]
[EventType "swiss"]
[EventDate "2018.05.19"]

1. e4 {[%clk 1:15:57]} 1... e5 {[%clk 1:15:51]} 2. Nf3 {[%clk 1:16:20]} 2...
Nc6 {[%clk 1:16:02]} 3. Bc4 {[%clk 1:16:40]} 3... Nf6 {[%clk 1:16:19]} 4. d4 {
[%clk 1:16:58]} 4... exd4 {[%clk 1:16:36]} 5. O-O {[%clk 1:17:19]} 5... Nxe4 {
[%clk 1:16:49]} 6. Re1 {[%clk 1:17:42]} 6... d5 {[%clk 1:17:05]} 7. Bxd5 {
[%clk 1:17:55]} 7... Qxd5 {[%clk 1:17:23]} 8. Nc3 {[%clk 1:18:06]} 8... Qh5 {
[%clk 1:17:35]} 9. Nxe4 {[%clk 1:18:21]} 9... Be6 {[%clk 1:17:48]} 10. Neg5 {
[%clk 1:18:28]} 10... O-O-O {[%clk 1:10:15]} 11. Nxe6 {[%clk 1:18:47]} 11...
fxe6 {[%clk 1:09:57]} 12. Rxe6 {[%clk 1:19:05]} 12... Qg4 {[%clk 1:06:26]} 13.
Qe1 {[%clk 1:18:29]} 13... Bd6 {[%clk 0:59:56]} 14. Re4 {[%clk 1:17:04]} 14...
Qg6 {[%clk 0:58:03]} 15. Qe2 {[%clk 1:14:42]} 15... Bc5 {[%clk 0:55:47]} 16.
Bd2 {[%clk 1:06:54]} 16... Rd5 {[%clk 0:50:03]} 17. c4 {[%clk 1:06:54]} 17...
Rd6 {[%clk 0:44:45]} 18. a3 {[%clk 1:06:50]} 18... d3 {[%clk 0:44:48]} 19. Qe1
{[%clk 1:06:44]} 19... Rf8 {[%clk 0:41:13]} 20. Rf4 {[%clk 1:05:52]} 20... Re8
{[%clk 0:38:51]} 21. Qd1 {[%clk 1:04:38]} 21... Re2 {[%clk 0:37:26]} 22. Nh4 {
[%clk 1:00:56]} 22... Qh5 23. Nf5 {[%clk 0:57:50]} 23... g5 {[%clk 0:29:14]}
24. Nxd6+ {[%clk 0:55:19]} 24... Bxd6 {[%clk 0:29:34]} 25. Be3 {[%clk 0:51:23]}
25... gxf4 {[%clk 0:29:15]} 26. Bc1 {[%clk 0:48:19]} 26... f3 {[%clk 0:29:02]}
27. g3 {[%clk 0:48:41]} 27... Nd4 {[%clk 0:27:26]} 28. Rb1 {[%clk 0:44:28]}
28... Nf5 {[%clk 0:27:16]} 29. Bd2 {[%clk 0:43:54]} 29... Nxg3 {[%clk 0:23:12]}
30. hxg3 {[%clk 0:44:12]} 30... Bxg3 {[%clk 0:23:33]} 31. fxg3 {[%clk 0:42:32]}
31... Qh2+ {[%clk 0:23:53]} 32. Kf1 {[%clk 0:42:48]} 32... Qf2# {[%clk 0:24:11]
} 0-1